000 00798nam a22002777a 4500
001 BR0702049
003 BR-BrBNA
005 20230928102405.0
007 ta
008 230509b bl.||||| |||| 00| 0 por d
040 _aBR-BrBNA
_bpor
_cBiblioteca Nacional de Agricultura
041 _a(Por)
072 _aE70
090 _ E70 BR0702049
110 1 _aAssociação Nacional de Defesa Vegetal, São Paulo, SP (Brasil)
245 1 _aANDEF 30 anos promovendo a agricultura sustentável
260 3 _aSão Paulo, SP (Brasil):
_c2004.
300 _a31 p.
650 _aAGRONEGÓCIO
650 _aESTATÍSTICA DE PRODUÇÃO
650 _aPLANTIO DIRETO
650 _aTRANSFERÊNCIA DE TECNOLOGIA
650 _aCUSTO DE PRODUÇÃO
909 _a202309
_bLucia
_c55
_dLucia Elande
942 _cBK
999 _c70532
_d70532